<?xml version="1.0" encoding="UTF-8"?>
<record
    xmlns:xsi="http://www.w3.org/2001/XMLSchema-instance"
    xsi:schemaLocation="http://www.loc.gov/MARC21/slim http://www.loc.gov/standards/marcxml/schema/MARC21slim.xsd"
    xmlns="http://www.loc.gov/MARC21/slim">

  <leader>00860nam a22002297a 4500</leader>
  <controlfield tag="005">20100807123848.0</controlfield>
  <datafield tag="010" ind1=" " ind2=" ">
    <subfield code="a">ENG-98831</subfield>
  </datafield>
  <datafield tag="020" ind1=" " ind2=" ">
    <subfield code="a">8187862661</subfield>
    <subfield code="c">75.00</subfield>
  </datafield>
  <datafield tag="035" ind1=" " ind2=" ">
    <subfield code="a">EN-82363</subfield>
  </datafield>
  <datafield tag="037" ind1=" " ind2=" ">
    <subfield code="b">DBAD/PUB</subfield>
  </datafield>
  <datafield tag="082" ind1=" " ind2=" ">
    <subfield code="a">530.41</subfield>
  </datafield>
  <datafield tag="100" ind1=" " ind2=" ">
    <subfield code="a">N. Imthiyas Ahamed</subfield>
    <subfield code="9">8436</subfield>
  </datafield>
  <datafield tag="245" ind1=" " ind2=" ">
    <subfield code="a">Introduction to solid :</subfield>
    <subfield code="b">a theoritical approach /</subfield>
    <subfield code="c">by N. Imthiyas Ahamed</subfield>
  </datafield>
  <datafield tag="260" ind1=" " ind2=" ">
    <subfield code="a">Chennai</subfield>
    <subfield code="b">Sekar Pathippagam</subfield>
    <subfield code="c">2007</subfield>
  </datafield>
  <datafield tag="270" ind1=" " ind2=" ">
    <subfield code="a">No. 66, Periyar Street, M. G. R. Nagar</subfield>
    <subfield code="b">Chennai</subfield>
    <subfield code="e">600078</subfield>
  </datafield>
  <datafield tag="300" ind1=" " ind2=" ">
    <subfield code="a">192p.:</subfield>
    <subfield code="b">ill.</subfield>
    <subfield code="c">21cm (pbk)</subfield>
  </datafield>
  <datafield tag="500" ind1=" " ind2=" ">
    <subfield code="a">Includes bibliographical references and index</subfield>
  </datafield>
  <datafield tag="650" ind1=" " ind2=" ">
    <subfield code="a">Energy-Band Theory of Solid</subfield>
    <subfield code="9">8437</subfield>
  </datafield>
  <datafield tag="650" ind1=" " ind2=" ">
    <subfield code="a">Crystallography</subfield>
    <subfield code="9">8438</subfield>
  </datafield>
  <datafield tag="942" ind1=" " ind2=" ">
    <subfield code="2">ddc</subfield>
    <subfield code="c">EN</subfield>
    <subfield code="h">530.41</subfield>
    <subfield code="m">NIM</subfield>
  </datafield>
  <datafield tag="999" ind1=" " ind2=" ">
    <subfield code="c">40035</subfield>
    <subfield code="d">40035</subfield>
  </datafield>
  <datafield tag="952" ind1=" " ind2=" ">
    <subfield code="0">0</subfield>
    <subfield code="1">0</subfield>
    <subfield code="4">0</subfield>
    <subfield code="7">1</subfield>
    <subfield code="8">NFIC</subfield>
    <subfield code="a">DBAD</subfield>
    <subfield code="b">DBAD</subfield>
    <subfield code="d">2010-08-07</subfield>
    <subfield code="e">DBAD/PUB</subfield>
    <subfield code="g">75.00</subfield>
    <subfield code="l">0</subfield>
    <subfield code="o">530.41 NIM</subfield>
    <subfield code="p">EN-82363</subfield>
    <subfield code="r">2010-08-07 00:00:00</subfield>
    <subfield code="t">1</subfield>
    <subfield code="v">75.00</subfield>
    <subfield code="w">2010-08-07</subfield>
    <subfield code="y">EN</subfield>
  </datafield>
</record>
